| 000 | 00537nam a2200205Ia 4500 | ||
|---|---|---|---|
| 003 | GCL | ||
| 008 | 140319s9999 xx 000 0 eng d | ||
| 040 |
_aGCL / _cGCL |
||
| 082 | 0 | 4 |
_a782.1 _bS S |
| 100 | 1 | _aLEMAIRE, FERDINANDS | |
| 245 | 1 | 0 |
_aSANSONE E DALILA, OPERA IN TRA ATTI / _cLEMAIRE, FERDINANDS |
| 700 | 1 | _aSAINT-SAENS, CAMILLO | |
| 260 |
_a[S.N] : _bEDOARDO SONZOGNO, EDITORE ، _c1904 |
||
| 300 | _a266 P | ||
| 650 | 0 | 4 | _aOPERA |
| 650 | 0 | 4 | _aARTS |
| 650 | 0 | 4 | _aMUSIC |
| 650 | 0 | 4 | _aSAINT- SAEN, CAMILB |
| 942 |
_2ddc _cBK |
||
| 999 |
_c17333 _d17333 |
||